000 00616nam a2200253Ia 4500
003 OSt
005 20221006142455.0
006 a|||||r|||| 00| 0
007 ta
008 221006b |||||||| |||| 00| 0 eng d
024 _a6,428
037 _cTextual
040 _aEASL
_cEASL
_beng
041 _2eng
_aeng
082 _aY.41.N6, K6
100 _aMITCHISON Lois
_9116526
245 0 _aChina
260 _aLondon
_bThames and Hudson
_c1966
300 _a232p.
_ccm.
490 _v CEL
650 _aCHINA
942 _hY.41.N6, K6
_cTEXL
_2CC
999 _c1074514
_d1074514